| 000 | 00632nam a22002057a 4500 | ||
|---|---|---|---|
| 005 | 20250109093253.0 | ||
| 008 | 250109b |||||||| |||| 00| 0 eng d | ||
| 020 | _a9781292214870 | ||
| 050 |
_aHF1359 _b.K78 KRU |
||
| 100 | _aKrugman Paul R. | ||
| 245 |
_aInternational Economics Theory and Policy _cPaul R. Krugman, Maurice Obstfeld and Marc J. Melitz |
||
| 250 | _a11h Ed. | ||
| 260 |
_aLondon _bPearson Education Limited _c2018 |
||
| 300 |
_a800p. _bill. col. _c25.5 cm x 20.5 cm |
||
| 500 | _aIndex Number | ||
| 650 | _2Economics | ||
| 700 | _aObstfeld Maurice | ||
| 700 | _aMelitz Marc J. | ||
| 942 |
_2lcc _cBK _e11th Ed. _n0 |
||
| 999 |
_c2478 _d2478 |
||